000 00579cam a2200217 4500
001 B1351
008 090401t1987 xxu||||| |||| 00| 0 eng d
035 _a(Sirsi) u43908
041 _aeng
050 _a693.82
100 _aRogowski, Bobbie
245 _aAssessing the life hazard from burning sandwich panels
260 _aGarston,Watford
_bBuilding Research Establishment
_c1987
300 _a(4)p. : ill. ; 30cm.
350 _a0
490 _aBRE Information Paper
_v18/87
650 _aFIRE
650 _aINFLAMMABLE MATERIALS
942 _n0
948 _c04/03/1997
999 _c91406
_d91406